000 00441nam a2200145Ia 4500
008 211109s9999||||xx |||||||||||||| ||und||
082 _a332.4
_bGOV-R
100 _aGovt Of India,
245 0 _aReport of the Royal Commission on Indian Currency and Finance
260 _bGovt. of India
_aCalcutta
_c1929
300 _a144p.
630 _xGeneral Stack
650 _aIndia
_vCurrency questionFinanceFinance, Public
_xGeneralia
942 _cBOOK
999 _c18439
_d18439